BSOP header

Biology and Christian ethics (Record no. 51280)

MARC details
000 -LEADER
fixed length control field 01081cam a22003374a 4500
001 - CONTROL NUMBER
control field 43481734
003 - CONTROL NUMBER IDENTIFIER
control field OCoLC
005 - DATE AND TIME OF LATEST TRANSACTION
control field 20220202085720.0
008 - FIXED-LENGTH DATA ELEMENTS--GENERAL INFORMATION
fixed length control field 000209s2000 enk b 001 0 eng
010 ## - LIBRARY OF CONGRESS CONTROL NUMBER
LC control number 00023025
020 ## - INTERNATIONAL STANDARD BOOK NUMBER
International Standard Book Number 0521561310
020 ## - INTERNATIONAL STANDARD BOOK NUMBER
International Standard Book Number 0521567688 (pbk.)
040 ## - CATALOGING SOURCE
Original cataloging agency DLC
Transcribing agency DLC
Modifying agency UKM
-- C#P
-- OBE
-- EXN
042 ## - AUTHENTICATION CODE
Authentication code pcc
049 ## - LOCAL HOLDINGS (OCLC)
Holding library EXNs
100 1# - MAIN ENTRY--PERSONAL NAME
Personal name Clark, Stephen R. L.
245 10 - TITLE STATEMENT
Title Biology and Christian ethics
Medium [electronic resource] /
Statement of responsibility, etc Stephen R.L. Clark.
260 ## - PUBLICATION, DISTRIBUTION, ETC. (IMPRINT)
Place of publication, distribution, etc Cambridge, U.K. ;
-- New York :
Name of publisher, distributor, etc Cambridge University Press,
Date of publication, distribution, etc 2000.
300 ## - PHYSICAL DESCRIPTION
Extent xv, 332 p. ;
Dimensions 22 cm.
336 ## - CONTENT TYPE
Content Type Term text
337 ## - MEDIA TYPE
Media Type Term computer
338 ## - CARRIER TYPE
Carrier Type Term online resource
440 #0 - SERIES STATEMENT/ADDED ENTRY--TITLE
Title New studies in Christian ethics ;
Volume number/sequential designation 17.
504 ## - BIBLIOGRAPHY, ETC. NOTE
Bibliography, etc Includes bibliographical references and index.
650 #0 - SUBJECT ADDED ENTRY--TOPICAL TERM
Topical term or geographic name as entry element Christian ethics.
650 #0 - SUBJECT ADDED ENTRY--TOPICAL TERM
Topical term or geographic name as entry element Biology
General subdivision Religious aspects
-- Christianity.
650 #0 - SUBJECT ADDED ENTRY--TOPICAL TERM
Topical term or geographic name as entry element Ethics, Evolutionary.
655 ## - INDEX TERM--GENRE/FORM
Genre/form data or focus term electronic books
856 ## - ELECTRONIC LOCATION AND ACCESS
Uniform Resource Identifier <a href="https://drive.google.com/file/d/1DqaIOAGkzRPqK7PNIetUsajl4CH3w9Qc/view?usp=sharing">https://drive.google.com/file/d/1DqaIOAGkzRPqK7PNIetUsajl4CH3w9Qc/view?usp=sharing</a>
942 ## - ADDED ENTRY ELEMENTS (KOHA)
Source of classification or shelving scheme Library of Congress Classification
Item type eBooks
Holdings
Withdrawn status Lost status Source of classification or shelving scheme Damaged status Not for loan Home library Current library Date acquired Inventory number Total Checkouts Date last seen Price effective from Koha item type
    Library of Congress Classification     BSOP Library Digital Library 05/08/2024 eB-00463   05/08/2024 05/08/2024 eBooks
BSOP

Biblical Seminary of the Philippines
  All rights Reserved
  © 2024

CONTACT INFORMATION

Biblical Seminary of the Philippines,
  77-B Karuhatan Road, Valenzuela City,
  PHILIPPINES 1441
  Phone: +632 8292-6795 / 8292-6798
  Fax : +632 8292-6675
  Email: library@bsop.edu.ph